NATO's Eastern Agenda in a New Strategic Era (Record no. 352355)
[ view plain ]
| 000 -LEADER | |
|---|---|
| fixed length control field | 00643nam a2200133Ia 4500 |
| 008 - FIXED-LENGTH DATA ELEMENTS--GENERAL INFORMATION | |
| fixed length control field | 171212s9999 xx 000 0 und d |
| 020 ## - INTERNATIONAL STANDARD BOOK NUMBER | |
| International Standard Book Number | 9780833034670 |
| 100 ## - MAIN ENTRY--PERSONAL NAME | |
| Personal name | Larrabee, F. Stephen |
| 245 ## - TITLE STATEMENT | |
| Statement of responsibility, etc | Larrabee, F. Stephen |
| Title | NATO's Eastern Agenda in a New Strategic Era |
| 260 ## - PUBLICATION, DISTRIBUTION, ETC. (IMPRINT) | |
| Name of publisher, distributor, etc | RAND Corporation |
| Date of publication, distribution, etc | 2003 |
| 650 ## - SUBJECT ADDED ENTRY--TOPICAL TERM | |
| Topical term or geographic name as entry element | North Atlantic Treaty Organization -- Military policy; Former communist countries -- Military relations -- Europe; Europe -- Military relations -- Former communist countries; United States -- Military policy; World politics -- 21st century |
| 650 ## - SUBJECT ADDED ENTRY--TOPICAL TERM | |
| Topical term or geographic name as entry element | Political Science |
| 856 ## - ELECTRONIC LOCATION AND ACCESS | |
| Uniform Resource Identifier | <a href="www.jstor.org/stable/10.7249/mr1744af">www.jstor.org/stable/10.7249/mr1744af</a> |
| Withdrawn status | Lost status | Damaged status | Home library | Current library | Date acquired | Total Checkouts | Full call number | Date last seen | Price effective from | Koha item type |
|---|---|---|---|---|---|---|---|---|---|---|
| College Library | College Library | 12/12/2017 | UA646.8.L37 2003 | 12/12/2017 | 12/12/2017 | Curriculum - Based eBooks |